[Event "Nantes op 8th"]
[Site "Nantes"]
[Date "2009.12.??"]
[Round "7"]
[White "Boure, Hugo"]
[Black "Rihouay, Clement"]
[Result "0-1"]
[WhiteElo "1817"]
[BlackElo "2213"]
[PlyCount "86"]
[EventDate "2009.12.??"]
[EventType "swiss"]
[EventRounds "9"]
[EventCountry "FRA"]
[SourceTitle "CBM 134 Extra"]
[Source "ChessBase"]
[SourceDate "2010.03.03"]
[SourceVersion "1"]
[SourceVersionDate "2010.03.03"]
[SourceQuality "1"]

1. e4 c5 2. Nf3 Nc6 3. d4 cxd4 4. Nxd4 g6 5. c4 Bg7 6. Be3 Nf6 7. Nc3 Ng4 8. Qxg4 Nxd4 9. Bd3 0-0 10. Qd1 b6 11. 0-0 Bb7 12. Qd2 f5 13. Bh6 Bxh6 14. Qxh6 f4 15. e5 Qe8 16. Be4 Bxe4 17. Nxe4 Ne6 18. g4 Rc8 19. Rac1 f3 20. Ng5 Nxg5 21. Qxg5 Qf7 22. b3 Qe6 23. Rfe1 h6 24. Qh4 Rf4 25. h3 Rc5 26. Qg3 Rxe5 27. Rxe5 Qxe5 28. Rd1 d6 29. Rd3 Qf6 30. Kh2 e5 31. Qg1 Rd4 32. Qd1 Qf4+ 33. Kg1 Rxd3 34. Qxd3 e4 35. Qd5+ Kg7 36. Qe6 Qc1+ 37. Kh2 Qf4+ 38. Kg1 h5 39. Qe7+ Kh6 40. gxh5 Qc1+ 41. Kh2 Qf4+ 42. Kg1 Kxh5 43. Qh7+ Qh6 0-1

[Event "Gorges op 19th"]
[Site "Gorges"]
[Date "2009.07.05"]
[Round "1"]
[White "Le Pen, Steven"]
[Black "Boure, Hugo"]
[Result "1/2-1/2"]
[WhiteElo "1715"]
[BlackElo "1817"]
[PlyCount "176"]
[EventDate "2009.07.??"]
[EventType "swiss"]
[EventRounds "7"]
[EventCountry "FRA"]
[SourceTitle "EXT 2011"]
[Source "ChessBase"]
[SourceDate "2010.11.26"]
[SourceVersion "1"]
[SourceVersionDate "2010.11.26"]
[SourceQuality "1"]

1. e4 c5 2. Nf3 Nc6 3. d4 cxd4 4. Nxd4 Nf6 5. Nc3 e5 6. Ndb5 d6 7. Bg5 a6 8. Na3 b5 9. Bxf6 gxf6 10. Nd5 Bg7 11. c3 f5 12. Bd3 Ne7 13. Nxe7 Qxe7 14. Nc2 f4 15. Qe2 Be6 16. Nb4 0-0 17. 0-0-0 Qc7 18. Kb1 Rfb8 19. Rd2 a5 20. Nd5 Bxd5 21. exd5 b4 22. cxb4 Rxb4 23. Rc1 Qb7 24. Rc4 Rxc4 25. Bxc4 f5 26. Qd3 Qb4 27. Qc3 Qc5 28. Bb3 Qa7 29. Ba4 Rb8 30. Qc6 Qe7 31. Qd7 Qxd7 32. Bxd7 e4 33. Bxf5 e3 34. fxe3 fxe3 35. Re2 Bxb2 36. Rxe3 Be5+ 37. Rb3 Rf8 38. Rf3 Rb8+ 39. Rb3 Rf8 40. Rf3 Kg7 41. h3 a4 42. Rf2 Rb8+ 43. Kc1 Rb4 44. Be6 Rc4+ 45. Kd2 Rc3 46. Rf3 Rc4 47. Rf7+ Kg6 48. Ra7 Rb4 49. Rc7 Rb1 50. Rc4 a3 51. Rc2 Ra1 52. Kd3 Bb2 53. Kc4 Rxa2 54. Kb3 Ra1 55. Rf2 Re1 56. Ka2 Ra1+ 57. Kb3 Rd1 58. Bf7+ Kg7 59. Be6 Kg6 60. Bf5+ Kh6 61. Be6 Kg5 62. Bg8 h6 63. Be6 Kh4 64. Re2 Kg3 65. Bf7 Rd3+ 66. Ka2 Be5 67. Be6 h5 68. Bf7 h4 69. Be6 Bd4 70. Bg4 Bc5 71. Bf3 Rxf3 72. gxf3 Kxh3 73. Re8 Kg3 74. Rh8 h3 75. f4 h2 76. f5 Kg2 77. f6 Bd4 78. Rg8+ Kh3 79. f7 h1Q 80. f8Q Qa1+ 81. Kb3 Qc3+ 82. Ka4 Qc4+ 83. Ka5 Bc3+ 84. Kb6 Qc5+ 85. Kb7 Qxd5+ 86. Kc7 Ba5+ 87. Kd7 Qb5+ 88. Ke6 Qe5+ 1/2-1/2

[Event "Gorges op 18th"]
[Site "Gorges"]
[Date "2008.07.??"]
[Round "3"]
[White "Boure, Hugo"]
[Black "Peric, Slavisa"]
[Result "1/2-1/2"]
[WhiteElo "1781"]
[BlackElo "2251"]
[PlyCount "121"]
[EventDate "2008.07.??"]
[EventType "swiss"]
[EventRounds "7"]
[EventCountry "FRA"]
[SourceTitle "CBM 125 Extra"]
[Source "ChessBase"]
[SourceDate "2008.09.01"]
[SourceVersion "1"]
[SourceVersionDate "2008.09.01"]
[SourceQuality "1"]

1. e4 e6 2. d4 d5 3. Nc3 Nc6 4. exd5 exd5 5. Bb5 Nf6 6. Bg5 Be7 7. Nf3 Bg4 8. Qd3 0-0 9. Bxc6 bxc6 10. Ne5 Bd7 11. 0-0 h6 12. Bh4 Ng4 13. Bxe7 Nxe5 14. Bxd8 Nxd3 15. cxd3 Rfxd8 16. Na4 Rab8 17. a3 Rb3 18. Rfd1 Bf5 19. Rac1 Rxd3 20. Rxd3 Bxd3 21. Nc5 Bf5 22. Na6 Re8 23. f3 Re2 24. Rxc6 Rxb2 25. Rxc7 Rd2 26. Rxa7 Rxd4 27. Nb4 Rd1+ 28. Kf2 d4 29. Ra8+ Kh7 30. Ke2 Rb1 31. g4 Rb2+ 32. Ke1 Bb1 33. Rd8 Rb3 34. Rxd4 Rxf3 35. h4 Rxa3 36. Rd1 Be4 37. Rd4 f5 38. gxf5 Bxf5 39. Kf2 Kg6 40. Nd5 Kf7 41. Ne3 Be6 42. Kf3 Kf6 43. Rf4+ Kg6 44. Kf2 Kh5 45. Re4 Bh3 46. Kg3 Bc8 47. Re5+ g5 48. hxg5 hxg5 49. Re8 Bb7 50. Re7 Rb3 51. Kf2 Rb4 52. Kg3 Be4 53. Re6 Bg6 54. Re5 Rf4 55. Nd5 Rg4+ 56. Kh3 Rh4+ 57. Kg3 Bf7 58. Nf6+ Kg6 59. Ne4 Rh5 60. Rxg5+ Rxg5+ 61. Nxg5 1/2-1/2

[Event "Gorges op 18th"]
[Site "Gorges"]
[Date "2008.07.??"]
[Round "2"]
[White "Gayon, Benoit"]
[Black "Boure, Hugo"]
[Result "1/2-1/2"]
[WhiteElo "2000"]
[BlackElo "1781"]
[PlyCount "91"]
[EventDate "2008.07.??"]
[EventType "swiss"]
[EventRounds "7"]
[EventCountry "FRA"]
[SourceTitle "CBM 125 Extra"]
[Source "ChessBase"]
[SourceDate "2008.09.01"]
[SourceVersion "1"]
[SourceVersionDate "2008.09.01"]
[SourceQuality "1"]

1. e4 c5 2. Nf3 Nc6 3. d4 cxd4 4. Nxd4 Nf6 5. Nc3 e5 6. Ndb5 d6 7. Bg5 a6 8. Na3 b5 9. Nd5 Be7 10. Bxf6 Bxf6 11. c3 Bg5 12. Nc2 0-0 13. Be2 Ne7 14. Nce3 Be6 15. 0-0 Bxe3 16. Nxe3 d5 17. exd5 Nxd5 18. Nxd5 Qxd5 19. Qxd5 Bxd5 20. Rfd1 Rfd8 21. a4 Bc4 22. Bf3 Rab8 23. axb5 axb5 24. Rxd8+ Rxd8 25. Ra8 Rxa8 26. Bxa8 f5 27. f3 Kf7 28. Kf2 Ke6 29. Ke3 Kd6 30. Kd2 h5 31. h4 f4 32. Ke1 Ke6 33. Bc6 g5 34. hxg5 Kf5 35. b3 Bxb3 36. Bxb5 Kxg5 37. c4 Kf5 38. Ke2 e4 39. fxe4+ Kxe4 40. c5 Ke5 41. Bd7 Bd5 42. Kf2 Be4 43. Be8 Kd5 44. c6 Kd6 45. Bd7 Kc7 46. Be8 1/2-1/2

[Event "Nantes op 7th"]
[Site "Nantes"]
[Date "2008.??.??"]
[Round "9"]
[White "Boure, Hugo"]
[Black "Picard, Remi"]
[Result "0-1"]
[WhiteElo "1846"]
[BlackElo "2025"]
[PlyCount "48"]
[EventDate "2008.12.26"]
[EventType "swiss"]
[EventRounds "9"]
[EventCountry "FRA"]
[SourceTitle "CBM 128 Extra"]
[Source "ChessBase"]
[SourceDate "2009.03.05"]
[SourceVersion "2"]
[SourceVersionDate "2009.03.25"]
[SourceQuality "1"]

1. e4 e6 2. d4 d5 3. Nc3 Nc6 4. Be3 Bb4 5. e5 Qe7 6. Qg4 f6 7. f4 Bd7 8. Bd3 0-0-0 9. Nge2 Nh6 10. Qg3 Rdf8 11. Kd2 fxe5 12. fxe5 Nf5 13. Bxf5 Rxf5 14. Rhf1 Rhf8 15. Rxf5 Rxf5 16. Qh3 Na5 17. b3 Bb5 18. a3 Bxc3+ 19. Nxc3 Bd7 20. Qxh7 c5 21. Ne2 Bb5 22. Nc3 cxd4 23. Bxd4 Qg5+ 24. Be3 Rf2+ 0-1

[Event "Nantes op 6th"]
[Site "Nantes"]
[Date "2007.12.29"]
[Round "6"]
[White "Boure, Hugo"]
[Black "Meruvia Meruvia, Juan Francisco"]
[Result "1-0"]
[WhiteElo "1794"]
[BlackElo "1983"]
[PlyCount "97"]
[EventDate "2007.12.26"]
[EventType "swiss"]
[EventRounds "7"]
[EventCountry "FRA"]
[SourceTitle "CBM 122 Extra"]
[Source "ChessBase"]
[SourceDate "2008.03.04"]
[SourceVersion "1"]
[SourceVersionDate "2008.03.04"]
[SourceQuality "1"]

1. e4 e5 2. Nf3 d6 3. d4 Nd7 4. Nc3 c6 5. Bc4 Be7 6. 0-0 h6 7. d5 c5 8. Be3 a6 9. a4 g5 10. Ne2 Ngf6 11. Ng3 Nf8 12. Nd2 Ng6 13. c3 Bd7 14. b4 b6 15. Qe2 Qc8 16. Rfb1 Bd8 17. Bd3 Nf4 18. Bxf4 gxf4 19. Ngf1 Rg8 20. Nc4 Ke7 21. Nfd2 Bg4 22. Qe1 Bh3 23. Bf1 Bxg2 24. Bxg2 Qh3 25. Qf1 f3 26. Nxf3 Qxf3 27. bxc5 Nxe4 28. cxd6+ Kf6 29. Re1 Rc8 30. Re3 Qg4 31. f3 Qxg2+ 32. Qxg2 Rxg2+ 33. Kxg2 Rxc4 34. fxe4 Kg7 35. Kf3 Bg5 36. Rd3 f5 37. Re1 Rxa4 38. exf5 Rf4+ 39. Kg2 Rxf5 40. Rf3 Bf4 41. d7 Rf8 42. Rxf4 Rd8 43. Rg4+ Kf6 44. Rf1+ Ke7 45. Rg7+ Kd6 46. Rf6+ Kxd5 47. Rxh6 Kc5 48. Re6 a5 49. Re8 1-0

[Event "Nantes op 6th"]
[Site "Nantes"]
[Date "2007.12.29"]
[Round "7"]
[White "Flachet, Thierry"]
[Black "Boure, Hugo"]
[Result "1-0"]
[WhiteElo "2065"]
[BlackElo "1794"]
[PlyCount "151"]
[EventDate "2007.12.26"]
[EventType "swiss"]
[EventRounds "7"]
[EventCountry "FRA"]
[SourceTitle "CBM 122 Extra"]
[Source "ChessBase"]
[SourceDate "2008.03.04"]
[SourceVersion "1"]
[SourceVersionDate "2008.03.04"]
[SourceQuality "1"]

1. Nf3 c5 2. c4 Nf6 3. Nc3 d5 4. cxd5 Nxd5 5. d4 e6 6. e4 cxd4 7. Qxd4 Nc6 8. Bb5 Nxc3 9. Bxc6+ bxc6 10. Qxc3 Qb6 11. 0-0 Ba6 12. Be3 c5 13. Rfc1 Rc8 14. b3 Qb7 15. Nd2 f6 16. f3 Bd6 17. Nc4 Bxc4 18. Qxc4 Kf7 19. Rc2 Be5 20. Rac1 Rhd8 21. Qf1 Bd4 22. Qf2 e5 23. g3 Qb4 24. Kg2 Rd6 25. Qg1 Bxe3 26. Qxe3 Qd4 27. Qe2 Qb4 28. Kh3 Rd4 29. Rc3 Qb6 30. Rc4 Qe6+ 31. Kg2 Rcd8 32. R1c2 Rxc4 33. Rxc4 Qd6 34. Ra4 Rd7 35. Ra5 Kg6 36. g4 Qc7 37. Ra4 Rd4 38. Rc4 Qd6 39. Rc2 Qb6 40. Kg3 Rd8 41. Qc4 Rc8 42. b4 h6 43. bxc5 Qa5 44. Kg2 Qa3 45. Qc3 Qa4 46. c6 Rc7 47. Qc4 Qa5 48. a4 Qb6 49. Qb5 Qxb5 50. axb5 Kf7 51. Kf2 Ke6 52. Rd2 a6 53. bxa6 Ra7 54. Rd7 Rxa6 55. Rxg7 Rxc6 56. Rh7 Rc8 57. Rxh6 Kf7 58. Rh7+ Kg6 59. Rb7 Rh8 60. Kg3 Rd8 61. h4 Rd6 62. Re7 Rc6 63. g5 fxg5 64. Rxe5 gxh4+ 65. Kxh4 Rf6 66. Kg4 Rb6 67. Ra5 Rb1 68. Ra6+ Kf7 69. e5 Rg1+ 70. Kf5 Rf1 71. Ra7+ Kf8 72. f4 Rh1 73. e6 Rh6 74. Ke5 Rh5+ 75. f5 Rh1 76. Ra8+ 1-0

[Event "Nantes op 6th"]
[Site "Nantes"]
[Date "2007.12.28"]
[Round "4"]
[White "Boure, Hugo"]
[Black "Bourdonnais, Loic"]
[Result "0-1"]
[WhiteElo "1794"]
[BlackElo "2180"]
[PlyCount "44"]
[EventDate "2007.12.26"]
[EventType "swiss"]
[EventRounds "7"]
[EventCountry "FRA"]
[SourceTitle "CBM 122 Extra"]
[Source "ChessBase"]
[SourceDate "2008.03.04"]
[SourceVersion "1"]
[SourceVersionDate "2008.03.04"]
[SourceQuality "1"]

1. e4 d5 2. exd5 Nf6 3. d4 Bg4 4. Nf3 Qxd5 5. Be2 Nc6 6. 0-0 0-0-0 7. c4 Qh5 8. Be3 e5 9. h3 e4 10. hxg4 Nxg4 11. Nh4 Nce5 12. g3 g5 13. Bxg5 Qxg5 14. Nc3 Nxf2 15. Rxf2 Qxg3+ 16. Ng2 e3 17. Rf5 Rg8 18. Qf1 Rxd4 19. Nd5 Rh4 20. Ndxe3 Qxe3+ 21. Qf2 Rxg2+ 22. Kxg2 Qh3+ 0-1

[Event "Gorges op 17th"]
[Site "Gorges"]
[Date "2007.??.??"]
[Round "1"]
[White "Bethys, Fred"]
[Black "Boure, Hugo"]
[Result "0-1"]
[WhiteElo "1510"]
[BlackElo "1680"]
[PlyCount "134"]
[EventDate "2007.07.08"]
[EventType "swiss"]
[EventRounds "7"]
[EventCountry "FRA"]
[SourceTitle "CBM 119 Extra"]
[Source "ChessBase"]
[SourceDate "2007.09.04"]
[SourceVersion "1"]
[SourceVersionDate "2007.09.04"]
[SourceQuality "1"]

1. f4 d5 2. Nf3 Nc6 3. e3 Nf6 4. Bb5 Bd7 5. Bxc6 Bxc6 6. b3 e6 7. Bb2 Bd6 8. 0-0 0-0 9. d3 Re8 10. Nbd2 Nd7 11. Qe1 f6 12. Qg3 e5 13. fxe5 Nxe5 14. Nxe5 Bxe5 15. Bxe5 Rxe5 16. Rae1 Qe7 17. Rf3 Re8 18. Nf1 Rg5 19. Qf2 Qa3 20. c3 d4 21. e4 dxc3 22. Re2 a6 23. Rc2 Qb4 24. Ne3 Rd8 25. Qe2 b5 26. Nf5 Bd7 27. h4 Rg6 28. Qe3 Bxf5 29. Rxf5 Rg4 30. g3 Qd4 31. Rf3 Qxe3+ 32. Rxe3 b4 33. Kf2 g5 34. h5 Rd4 35. Kf3 f5 36. exf5 Kf7 37. Re4 Rgxe4 38. dxe4 Kf6 39. Ke3 Ke5 40. Rf2 Rxe4+ 41. Kd3 Rd4+ 42. Ke3 Rd6 43. g4 Rc6 44. Kd3 a5 45. Re2+ Kf6 46. Kc2 Ra6 47. Re4 Rd6 48. Rc4 Rd2+ 49. Kb1 Rg2 50. Rc6+ Kf7 51. Rxc7+ Kf6 52. Rc6+ Ke7 53. Rc7+ Kd6 54. Rxh7 Rxg4 55. Rh6+ Ke5 56. Ra6 Kxf5 57. Rxa5+ Kf6 58. Ra4 Rh4 59. a3 bxa3 60. Rxa3 Rxh5 61. Kc2 Rh3 62. b4 g4 63. b5 g3 64. Ra1 Ke5 65. b6 Rh8 66. Kxc3 Rb8 67. Rg1 Kf4 0-1

[Event "Gorges op 17th"]
[Site "Gorges"]
[Date "2007.??.??"]
[Round "6"]
[White "Boure, Hugo"]
[Black "Douville, Frederic"]
[Result "0-1"]
[WhiteElo "1680"]
[BlackElo "1800"]
[PlyCount "96"]
[EventDate "2007.07.08"]
[EventType "swiss"]
[EventRounds "7"]
[EventCountry "FRA"]
[SourceTitle "CBM 119 Extra"]
[Source "ChessBase"]
[SourceDate "2007.09.04"]
[SourceVersion "1"]
[SourceVersionDate "2007.09.04"]
[SourceQuality "1"]

1. e4 d6 2. d4 Nf6 3. Nc3 g6 4. Nf3 Bg7 5. Be2 0-0 6. 0-0 Bg4 7. Be3 Nbd7 8. Qd2 Bxf3 9. Bxf3 e5 10. d5 Nb6 11. Nb5 Nc4 12. Qc3 Nxe3 13. fxe3 a6 14. Na3 Qd7 15. Nc4 b6 16. a4 Ng4 17. h3 Nh6 18. Nd2 f5 19. Qd3 f4 20. Rf2 Qe7 21. Nf1 Qh4 22. Nh2 Nf7 23. Raf1 Bh6 24. Ng4 fxe3 25. Nxe3 Bf4 26. Be2 Qg3 27. Ng4 Qxd3 28. Bxd3 h5 29. Nf6+ Kg7 30. Nd7 Rfd8 31. Nf6 Be3 32. Kh2 Bxf2 33. Rxf2 Nh6 34. g4 Rf8 35. g5 Ng8 36. Kg3 Nxf6 37. gxf6+ Rxf6 38. Rg2 a5 39. Kh2 Raf8 40. Kg3 Kh6 41. b3 Rf3+ 42. Kh2 Rf2 43. Kg3 Rxg2+ 44. Kxg2 g5 45. Kg3 Rf4 46. Kg2 g4 47. hxg4 Rxg4+ 48. Kh3 Kg5 0-1

[Event "Gorges op 17th"]
[Site "Gorges"]
[Date "2007.??.??"]
[Round "2"]
[White "Boure, Hugo"]
[Black "Gayon, Benoit"]
[Result "1-0"]
[WhiteElo "1680"]
[BlackElo "1993"]
[PlyCount "61"]
[EventDate "2007.07.08"]
[EventType "swiss"]
[EventRounds "7"]
[EventCountry "FRA"]
[SourceTitle "CBM 119 Extra"]
[Source "ChessBase"]
[SourceDate "2007.09.04"]
[SourceVersion "1"]
[SourceVersionDate "2007.09.04"]
[SourceQuality "1"]

1. e4 e5 2. Nf3 Nc6 3. Bc4 Nf6 4. d3 Be7 5. 0-0 0-0 6. c3 d6 7. Re1 Be6 8. Bb3 Nd7 9. Be3 Na5 10. Bc2 d5 11. Nbd2 dxe4 12. Nxe4 Bg4 13. Bd2 Nc6 14. h3 Bh5 15. Ng3 Bg6 16. Nf1 Bf6 17. Ne3 Nc5 18. Ng4 Re8 19. Ngxe5 Nxe5 20. Nxe5 Bxe5 21. d4 Bxd4 22. Rxe8+ Qxe8 23. cxd4 Ne6 24. Be3 Rd8 25. Bxg6 hxg6 26. Rc1 Qd7 27. Qb3 b6 28. Rd1 Nxd4 29. Rxd4 Qe7 30. Rxd8+ Qxd8 31. Qc2 1-0

[Event "Gorges op 17th"]
[Site "Gorges"]
[Date "2007.??.??"]
[Round "4"]
[White "Boure, Hugo"]
[Black "Guibert, Jeremy"]
[Result "1/2-1/2"]
[WhiteElo "1680"]
[BlackElo "1930"]
[PlyCount "52"]
[EventDate "2007.07.08"]
[EventType "swiss"]
[EventRounds "7"]
[EventCountry "FRA"]
[SourceTitle "CBM 119 Extra"]
[Source "ChessBase"]
[SourceDate "2007.09.04"]
[SourceVersion "1"]
[SourceVersionDate "2007.09.04"]
[SourceQuality "1"]

1. e4 c5 2. Nf3 Nc6 3. d4 cxd4 4. Nxd4 Nf6 5. Nc3 e5 6. Ndb5 d6 7. Bg5 a6 8. Na3 b5 9. Bxf6 gxf6 10. Nd5 Bg7 11. c3 Ne7 12. Nxb5 axb5 13. Bxb5+ Bd7 14. Bxd7+ Kxd7 15. Qg4+ f5 16. Qxg7 Nxd5 17. exd5 Qg8 18. Qxg8 Rhxg8 19. 0-0 f4 20. b4 Rgc8 21. Rfc1 Rc4 22. Rc2 Ra3 23. Rac1 e4 24. f3 exf3 25. gxf3 Ke7 26. Kf2 Kf6 1/2-1/2

[Event "Gorges op 17th"]
[Site "Gorges"]
[Date "2007.??.??"]
[Round "5"]
[White "Lemerle, Alban"]
[Black "Boure, Hugo"]
[Result "1-0"]
[WhiteElo "2051"]
[BlackElo "1680"]
[PlyCount "53"]
[EventDate "2007.07.08"]
[EventType "swiss"]
[EventRounds "7"]
[EventCountry "FRA"]
[SourceTitle "CBM 119 Extra"]
[Source "ChessBase"]
[SourceDate "2007.09.04"]
[SourceVersion "1"]
[SourceVersionDate "2007.09.04"]
[SourceQuality "1"]

1. Nf3 c5 2. e4 Nc6 3. Nc3 d6 4. Bb5 Bd7 5. 0-0 Nf6 6. Re1 e6 7. Bxc6 Bxc6 8. d4 cxd4 9. Qxd4 Be7 10. Bg5 d5 11. exd5 Nxd5 12. Qxg7 Bf6 13. Qxh8+ Bxh8 14. Bxd8 Rxd8 15. Nxd5 Rxd5 16. c3 Rb5 17. Rab1 Bd5 18. a4 Ra5 19. Ra1 Bc6 20. b4 Rxa4 21. Rxa4 Bxa4 22. Ra1 Bc6 23. Nd4 Bxd4 24. cxd4 a6 25. f3 Kd7 26. Kf2 Kd6 27. Ke3 1-0